000 00677nam a22002417a 4500
001 BR8800322
003 BR-BrBNA
005 20230928092828.0
007 ta
008 230509b bl.||||| |||| 00| 0 por d
040 _aBR-BrBNA
_bpor
_cBiblioteca Nacional de Agricultura
041 _a(Por)
072 _aN20
_b4540
090 _ 4540 BR8800322
110 1 _aDINAGRO Agropecuaria Ltda., Ribeirao Preto, SP (Brasil)
_93411
245 1 _aAplicador de granulos Dinagro D12. Manual de instrucoes
260 3 _aRibeirao Preto, SP (Brasil):
_c[nd].
300 _a6 p.
650 _aGRANULO
650 _aEQUIPAMENTO
909 _a202309
_bLucia
_c55
_dLucia Elande
942 _cBK
999 _c41437
_d41437